000
00274nam a2200109Ia 4500
001
588865
005
20250717120838.0
008
250717s9999 xx 000 0 und d
245
0
_a
Y-6 MÜLTECİ PARFÜMÜ
_c
AYŞE BÖHÜRLER
260
_b
ERDEM YAYINLARI
_c
2017
300
_b
125
999
_c
588865
_d
588865